01017nas a2200277Ia 4500001001200000003001000012008004100022040002500063041001300088100002000101210001100121222001100132245005100143250001100194260000900205501012300214300001200337362001800349500013900367650002200506700001100528942000700539957000600546999003300552952015400585db10-30519 IT-MiCISF161014c99999999xx |||||||||||| ||und|| aIT-MiCISFcIT-MiCISF aITALIANO aRassegna stampa aAdista aAdista 0aUtero in affitto. Risvolti etici e psicologici a1a ed. c2000 bCISF - Centro Internazionale Studi Famiglia - Via Giotto, 36 20145 MILANO (non commercial uses only)cCopyright 2016 app. 4-8 a n. 78 [2000] aSchettini C., Vinci E., Mafai M., Beccaria G., Giorgi S., Concetti G., Vattimo G., Zevi T. Tema: madre-in-affitto, società, diritto aBIOETICAvdossier aAA.VV. cCR 71 a30519bSig1c221124d221124 0010406DB_103051971aCISFbCISFd2016-10-14l0odb10-30519 r2016-10-14 00:00:00w2016-10-14yCRzData import 15.10.2016 / by Epidotti, Vaglietti